National Trust shows up environmental disaster (Record no. 117172)
[ view plain ]
| 000 -LEADER | |
|---|---|
| fixed length control field | 01277cam a2200229 4500 |
| 001 - CONTROL NUMBER | |
| control field | WB4014-13 |
| 008 - FIXED-LENGTH DATA ELEMENTS--GENERAL INFORMATION | |
| fixed length control field | 040406n2004 000 0 eng u |
| 035 ## - SYSTEM CONTROL NUMBER | |
| System control number | (Sirsi) u125765 |
| 245 ## - TITLE STATEMENT | |
| Title | National Trust shows up environmental disaster |
| 260 ## - PUBLICATION, DISTRIBUTION, ETC. | |
| Date of publication, distribution, etc. | 2004 |
| 490 ## - SERIES STATEMENT | |
| Series statement | Planning (for the Natural and Built Environment) |
| Volume/sequential designation | 2 April 2004, 4(1) |
| 520 ## - SUMMARY, ETC. | |
| Summary, etc. | A report, 'A sense of place: planning for the future in Northern Ireland', by the Independent Planning Commission established by the National Trust, condemns the building of single homes in the open countryside in Northern Ireland calling them an 'environmental disaster'. The report mentions several problems including a lack of awareness of urban design and not enough protection for built and natural heritage. There are also recommendations such as the creation of an independent design commission and the 'urgent designation' of conservation areas in Northern Ireland to protect buildings at risk. For the report: http://www.nationaltrust.org.uk/main/news/major_ne ws.html |
| 590 ## - LOCAL NOTE (RLIN) | |
| Local note | WB |
| 590 ## - LOCAL NOTE (RLIN) | |
| Local note | WB |
| 650 ## - SUBJECT ADDED ENTRY--TOPICAL TERM | |
| Topical term or geographic name entry element | NORTHERN IRELAND |
| 650 ## - SUBJECT ADDED ENTRY--TOPICAL TERM | |
| Topical term or geographic name entry element | NATIONAL TRUST |
| 650 ## - SUBJECT ADDED ENTRY--TOPICAL TERM | |
| Topical term or geographic name entry element | PLANNING SYSTEM |
| 650 ## - SUBJECT ADDED ENTRY--TOPICAL TERM | |
| Topical term or geographic name entry element | CONSERVATION AREAS |
| 650 ## - SUBJECT ADDED ENTRY--TOPICAL TERM | |
| Topical term or geographic name entry element | PROTECTED BUILDINGS |
| 690 ## - LOCAL SUBJECT ADDED ENTRY--TOPICAL TERM (OCLC, RLIN) | |
| Topical term or geographic name as entry element | PLANNING |
| 942 ## - ADDED ENTRY ELEMENTS (KOHA) | |
| Suppress in OPAC | 0 |
| Withdrawn status | Lost status | Source of classification or shelving scheme | Damaged status | Not for loan | Home library | Current library | Shelving location | Date acquired | Total Checkouts | Full call number | Barcode | Date last seen | Copy number | Price effective from | Koha item type |
|---|---|---|---|---|---|---|---|---|---|---|---|---|---|---|---|
| Dewey Decimal Classification | London | London | News article | 06/04/2004 | WB4014-13 | 125765-1001 | 06/08/2019 | 1 | 06/08/2019 | News article |